000 00869nam a2200157 4500
999 _c733
_d733
020 _a9781403926647
050 _aHF 5635
_bDUT
100 _aDutta, S. K.
110 _aPrasad, S.R. P, Bhorkar, A. D., Bargir, S. D.
245 _aAccounting & Finance For Bankers
_cDutta, S. K., Prasad, S.R. P, Bhorkar, A. D., Bargir, S. D.
250 _amacmillian
260 _aIndia
_bRajiv Beri
_c2008
300 _a542
505 _aObjectives Introduction What is Simple Interest? What is Compound Interest? What are Annuities? Calculating the future value of an ordinary Annuity Calculating the present value of an ordinary Annuity Calculating the future value of an Annuity Calculating the present value of an Annuity Amortisation of a debt Present value of an Annuity Future value of an Annuity Sinking Funds The Sinking Fund Method of Retiring a Debt
942 _cBK